| 000 | 01220nam a22002897a 4500 | ||
|---|---|---|---|
| 005 | 20240530110442.0 | ||
| 008 | 150330s2010 ua adk f 000 0 ara d | ||
| 017 |
_a2009/20839 _bمصر . دار الكتب المصرية |
||
| 020 | _a9789774554843 | ||
| 040 | _aEG-CaGPL | ||
| 082 | 0 | 4 |
_221 _a333794\ _bج ت |
| 100 | 1 | _aبريدجواتر ، الان | |
| 245 | 1 | 0 |
_aتكنولوجيا الطاقة البديلة / _cتاليف الان بريدجواتر ، جل بريدجواتر ؛ ترجمة قسم تعريب العلوم بدار الفاروق |
| 250 | _aط1 | ||
| 260 |
_aاالقاهرة : _bدار الفاروق للاستثمارات الثقافية ، _c2010. |
||
| 300 |
_a231 ص : _bايض ؛ _c24 سم. |
||
| 650 | 0 | 4 | _aالطاقة البديلة |
| 650 | 0 | 4 | _aالطاقة الشمسية |
| 650 | 0 | 4 | _aطاقة الرياح |
| 650 | 0 | 4 | _aطواحين الهواء |
| 650 | 0 | 4 | _aمحركات الطاقة الشمسية |
| 650 | 0 | 4 | _aطاقة الوقود الخشبى |
| 700 | 1 |
_aبريدجواتر ، جل _eمؤلف مشارك |
|
| 710 | 0 |
_aقسم تعريب العلوم بدار الفاروق _eمترجم |
|
| 942 |
_2ddc _cBK |
||
| 999 |
_c61071 _d61071 |
||